000 02445nam0a2200481 4500
001 RU\NLR\BIBL_A\016358603
005 20260317150743.0
010 _a978-5-00205-038-3
_9500
021 _aRU
_bКН-П-23-022297
_9КН-П-23-2224
035 _a(NLR Aleph) 016358603
090 _a13143708
_c13143708
100 _a20230428d2023 u y0rusy50 ca
101 0 _arus
102 _aRU
105 _aa z 000zy
135 _acrmn mmmaacua
181 0 _ai
_baxxe
182 0 _an
200 1 _aГенезис человека, общества и различных феноменов культуры
_fВ. А. Воронцов
_gИнститут истории АН РТ, Институт международных отношений, истории и востоковедения, Казанский (Приволжский) федеральный университет
203 _aТекст
_bвизуальный
_cнепосредственный
205 _a2-е изд., перераб. и доп.
210 _aКазань
_cЛогос-Пресс
_d2023
215 _a319 с.
_cил.
_d21
300 _aНа 4-й с. обл. авт.: Воронцов В. А., канд. наук
316 _aС автогр. авт.
_5NLR
320 _aБиблиогр. в конце гл.
320 _aДр. кн. авт. на 4-й с. обл.
325 _aКопия доступна в Электрон. б-ке РНБ
606 1 _aСоциокультурная динамика
_92078609
_3RU\NLR\AUTH\661254471
606 1 _aКультурогенез
_91196969
_3RU\NLR\AUTH\66483930
686 1 _aС550.2
686 1 _aС550.355
700 1 _7ca
_8rus
_aВоронцов
_bВ. А.
_cканд. техн. наук, филолог
_f1946-
_gВладимир Александрович
_969068
_3RU\NLR\AUTH\7786140
856 0 _uhttps://vivaldi.nlr.ru/bx000042074/view
856 1 _uhttps://vivaldi.nlr.ru/bx000042074/cover
856 2 _uhttps://vivaldi.nlr.ru/bx000042074/text
942 _cBOOK
980 _aNB
981 1 3 _a(13) Документы, защищенные авторским правом
_b(13) Современная научная, научно-популярная и популярная л